[Event "Challenge"]
[Site "http://www.queenalice.com/game.php?id=1142265"]
[Date "2013.1.19"]
[Round "-"]
[White "Vivianna"]
[Black "alessandro92"]
[Result "0-1"]
[WhiteElo "1398"]
[BlackElo "1346"]

1. d4 g6 2. Nf3 Nf6 3. Nc3 d6 4. e3 Nc6 5. Bc4 e6 6. d5 exd5 7. Bxd5 Nxd5 8.
Qxd5 Be6 9. Qd2 f5 10. O-O d5 11. Qe2 h5 12. Bd2 h4 13. h3 Bd6 14. a3 g5 15. e4
dxe4 16. Nd4 Nxd4 17. Qd1 g4 18. Be3 gxh3 19. f4 Nc6 20. gxh3 Ne5 21. fxe5 Bxe5
22. Qe2 f4 23. Bd2 f3 24. Qe3 Rg8+ 25. Kf2 Rg2+ 26. Ke1 Bg3+ 27. Kd1 Bxh3 28.
Qxe4+ Kd7 29. Qxf3 Kc8 30. Kc1 Qxd2+ 31. Kb1 Qxc2+ 32. Ka2 Qxb2# 0-1

[Event "Challenge"]
[Site "http://www.queenalice.com/game.php?id=1146739"]
[Date "2013.1.29"]
[Round "-"]
[White "principio1"]
[Black "alessandro92"]
[Result "1/2-1/2"]
[WhiteElo "1353"]
[BlackElo "1363"]

1. e4 Nc6 2. Nf3 Nf6 3. d3 e5 4. Ng5 Qe7 5. g3 h6 6. Nh3 Nd4 7. Bg2 Ng4 8. Qxg4
Nxc2+ 9. Ke2 Nxa1 10. Na3 d6 11. Qf3 b6 12. Be3 Ba6 13. Rxa1 O-O-O 14. Qg4+ Rd7
15. b3 g6 16. Nc2 h5 17. Qf3 c5 18. Kf1 Bxd3+ 19. Kg1 Bxc2 20. Qe2 Bxe4 21. Bxe4
d5 22. Bd3 e4 23. Ba6+ Kd8 24. Bg5 f6 25. Bf4 g5 26. Be3 d4 27. Bd2 d3 28. Bxd3
exd3 29. Qf3 g4 30. Qa8+ Kc7 31. Bf4+ Rd6 32. Qxa7+ Kc6 33. Qa8+ Kc7 34. Qa7+
Kc6 35. Qa8+ Qb7 36. Qxb7+ Kxb7 37. Bxd6 Bxd6 38. Nf4 h4 39. Rd1 hxg3 40. fxg3
Re8 41. Nxd3 Re3 42. Nf2 Be5 43. Rd7+ Kc8 44. Rg7 f5 45. Rg5 Bd4 46. Rxf5 Re1+
47. Kg2 b5 48. Nxg4 Rg1+ 49. Kh3 Ra1 50. Rf8+ Kd7 51. Rf7+ Kd6 52. Ra7 Kc6 53.
Ra6+ Kb7 54. Re6 Rxa2 55. Re7+ Kc6 56. Ne5+ Kd6 57. Ng6 Ra3 58. Kh4 Rxb3 59. Rb7
b4 60. Rb6+ Kc7 61. Re6 c4 62. Re4 Bf6+ 63. Kg4 c3 64. Kf5 Bd8 65. Rc4+ Kd6 66.
Rc8 Kd7 67. Rc4 Ke8 68. h4 Kf7 69. h5 Rb2 70. h6 Kg8 71. Ke6 Kh7 72. Ne5 c2 73.
Nd3 Rb1 74. Rxc2 b3 75. Rd2 Bg5 76. Rb2 Rxb2 77. Nxb2 Kxh6 78. Kd5 Bf6 79. Kc4
Bxb2 80. Kxb3 Bf6 81. Kc4 Kg5 82. Kd3 Kg4 83. Ke3 Kxg3 84. Ke2 Bd4 85. Kd3 Bf6
86. Ke4 Kg4 87. Kd5 Kf5 88. Kc6 Ke5 89. Kc5 Ke4 90. Kc4 Be7 91. Kc3 Ke3 92. Kc4
Ke4 93. Kc3 Bc5 1/2-1/2

[Event "Challenge"]
[Site "http://www.queenalice.com/game.php?id=1150468"]
[Date "2013.2.10"]
[Round "-"]
[White "MrMarks"]
[Black "alessandro92"]
[Result "1-0"]
[WhiteElo "1538"]
[BlackElo "1381"]

1. e4 e5 2. Qf3 Nf6 3. c3 Nc6 4. d4 d5 5. exd5 Nxd5 6. Bc4 Be6 7. g3 g5 8. Ne2
g4 9. Qd3 b5 10. Bxb5 Qd6 11. Bg5 f6 12. Bxc6+ Qxc6 13. Na3 fxg5 14. O-O-O Nb4
15. Qd2 Nxa2+ 16. Kb1 e4 17. Qxg5 h6 18. Qg6+ Kd8 19. Nf4 Bb3 20. Rde1 Qb5 21.
Nxb5 Bc4 22. Qf6+ Be7 23. Qxh8+ Kd7 24. Qxa8 Bxb5 25. Qxa7 Bd3+ 26. Kxa2 e3 27.
Rxe3 Bc4+ 28. b3 Bb5 29. Ne6 Bc6 30. Qxc7+ Ke8 31. Qxc6+ Kf7 32. h3 h5 33. hxg4
hxg4 34. Ng5+ Bxg5 35. Rh7+ Kg8 36. Rb7 Kf8 37. Qc8+ Bd8 38. Qxd8# 1-0

[Event "Challenge"]
[Site "http://www.queenalice.com/game.php?id=1152752"]
[Date "2013.2.17"]
[Round "-"]
[White "recchdegomm1"]
[Black "alessandro92"]
[Result "0-1"]
[WhiteElo "1254"]
[BlackElo "1403"]

1. d4 Nf6 2. c4 Nc6 3. Nf3 d6 4. d5 Ne5 5. e3 c5 6. Qa4+ Bd7 7. Qb3 Qa5+ 8. Bd2
Qa6 9. e4 Nxe4 10. Qe3 Nxd2 11. Nbxd2 Ng4 12. Qg5 f6 13. Qh5+ g6 14. Qh3 Nxf2
15. Kxf2 Bxh3 16. gxh3 Bh6 17. Ne4 f5 18. Nc3 O-O 19. Re1 Rfe8 20. Nb5 Rac8 21.
Nc3 b5 22. cxb5 Qa5 23. b6 Qxb6 24. Nb5 c4+ 25. Nfd4 e5 26. Rd1 exd4 27. Nxd4
Qxb2+ 28. Ne2 Qxa2 29. Rc1 f4 30. Rc3 Re5 31. Rf3 Rce8 32. h4 Rxe2+ 33. Bxe2
Qxe2+ 34. Kg1 Qxf3 35. h3 c3 36. Rh2 a5 37. Rh1 c2 38. Kh2 Qg3# 0-1

[Event "Challenge"]
[Site "http://www.queenalice.com/game.php?id=1155615"]
[Date "2013.2.25"]
[Round "-"]
[White "MrMarks"]
[Black "alessandro92"]
[Result "1-0"]
[WhiteElo "1565"]
[BlackElo "1434"]

1. e3 e6 2. d4 Nc6 3. h4 Nf6 4. f3 Nd5 5. Qe2 g6 6. Bd2 Bh6 7. e4 Nf4 8. Bxf4
Bxf4 9. Nh3 Bg3+ 10. Nf2 Nxd4 11. Qd2 e5 12. c3 Ne6 13. Na3 b6 14. O-O-O Nf4 15.
Ng4 d5 16. exd5 Nxd5 17. Bb5+ Bd7 18. Qxd5 Bf4+ 19. Kb1 O-O 20. Bxd7 Qe7 21. h5
Qg5 22. Nc4 Rad8 23. Qc6 f5 24. Be6+ Rf7 25. Rxd8+ Qxd8 26. Bxf7+ Kxf7 27. hxg6+
hxg6 28. Rh7+ Kg8 29. Qxg6+ Kf8 30. Qf7# 1-0

[Event "Challenge"]
[Site "http://www.queenalice.com/game.php?id=1157566"]
[Date "2013.3.4"]
[Round "-"]
[White "recchdegomm1"]
[Black "alessandro92"]
[Result "1-0"]
[WhiteElo "1245"]
[BlackElo "1410"]

1. d4 Nf6 2. Nf3 Nc6 3. e3 d5 4. Bd3 g6 5. c4 dxc4 6. Bxc4 e6 7. O-O Ne4 8. Qd3
f5 9. d5 Nb4 10. Qd4 Rg8 11. Bb5+ c6 12. Bd3 Nd6 13. Qxb4 b6 14. a4 c5 15. Qb3
exd5 16. Qxd5 Rg7 17. Qxa8 c4 18. Be2 b5 19. a5 Nb7 20. Rd1 Bd6 21. Qxa7 Bc5 22.
Qb8 h5 23. a6 Na5 24. Rxd8+ Kxd8 25. Qxb5 Nb3 26. Qxc4 Nxa1 27. Qxc5 Nb3 28.
Qd5+ Rd7 29. Qxb3 Rd6 30. Ne5 Be6 31. Qb4 Ba2 32. Qxd6+ Ke8 33. Qb8+ Ke7 34. Bd3
Ke6 35. f4 h4 36. Qg8+ Kf6 37. a7 Bxg8 38. a8=Q Be6 39. Qf8+ Bf7 40. Qxf7# 1-0

[Event "Ta ficando bom!!!"]
[Site "http://www.queenalice.com/game.php?id=1160712"]
[Date "2013.3.13"]
[Round "-"]
[White "MrMarks"]
[Black "alessandro92"]
[Result "1-0"]
[WhiteElo "1612"]
[BlackElo "1362"]

1. h4 e6 2. Rh3 Bc5 3. e3 Qf6 4. d4 Bb4+ 5. Bd2 Bd6 6. Nc3 Qf5 7. Bd3 Qf6 8. Nb5
b6 9. a3 c6 10. Nxd6+ Kd8 11. f4 Qe7 12. Bb4 a5 13. Qg4 axb4 14. Qxg7 Qxd6 15.
Qxh8 Qf8 16. a4 Bb7 17. Qxh7 Nf6 18. Nf3 Nxh7 19. Bxh7 c5 20. dxc5 Qxc5 21. Nd2
Qh5 22. Be4 d5 23. Bd3 Ba6 24. c4 dxc4 25. Bxc4 b5 26. axb5 Bxb5 27. Rxa8 Qf5
28. Rxb8+ Kc7 29. Rxb5 e5 30. h5 exf4 31. e4 Qe5 32. Rxe5 f6 33. Rf5 f3 34. gxf3
Kd7 35. Rxf6 Ke7 36. e5 Kd7 37. Rg3 1-0

[Event "Challenge"]
[Site "http://www.queenalice.com/game.php?id=1166358"]
[Date "2013.3.30"]
[Round "-"]
[White "recchdegomm1"]
[Black "alessandro92"]
[Result "1-0"]
[WhiteElo "1269"]
[BlackElo "1351"]

1. e4 Nc6 2. Bc4 e6 3. Nf3 Nf6 4. d3 d5 5. Bb3 dxe4 6. Ng5 Qd7 7. dxe4 h6 8. Nf3
Bb4+ 9. c3 Bc5 10. O-O g5 11. e5 Nxe5 12. Nxe5 Qb5 13. c4 Qb4 14. a3 Qa5 15.
Ba4+ c6 16. b4 Qb6 17. bxc5 Qxc5 18. Re1 Nd7 19. Qf3 Nxe5 20. Qe3 Nd7 21. Qe4 f5
22. Qxe6+ Kf8 23. Qe8+ Kg7 24. Re7+ Qxe7 25. Qxe7+ Kg8 26. Qe6+ Kf8 27. Qxf5+
Ke8 28. Bb2 Rf8 29. Qg6+ Rf7 30. Qxh6 Rf6 31. Qxg5 a6 32. Bxf6 Nb6 33. Nc3 Nxc4
34. Re1+ Kf7 35. Re7+ Kf8 36. Qh6+ Kg8 37. Bh8 Bf5 38. Rxb7 Re8 39. Qg7# 1-0

[Event "Challenge"]
[Site "http://www.queenalice.com/game.php?id=1180270"]
[Date "2013.5.10"]
[Round "-"]
[White "recchdegomm1"]
[Black "alessandro92"]
[Result "0-1"]
[WhiteElo "1334"]
[BlackElo "1319"]

1. d4 Nf6 2. c4 Nc6 3. e3 Ne4 4. Bd3 Ng5 5. Nc3 e6 6. f4 Bb4 7. fxg5 Qxg5 8. g4
Bxc3+ 9. Kf2 Ba5 10. Nh3 Qh4+ 11. Kg2 f5 12. gxf5 exf5 13. Rf1 O-O 14. Bxf5 Rxf5
15. Rxf5 Qe4+ 16. Qf3 Qc2+ 17. Qf2 Nb4 18. Rxa5 b6 19. Re5 h6 20. Re8+ Kh7 21.
a3 Qg6+ 22. Qg3 Qxe8 23. axb4 d6 24. Bd2 Bb7+ 25. d5 Qe4+ 26. Qf3 Qc2 27. Rd1 a5
28. Qf7 Qxd1 29. Qf2 axb4 30. Bxb4 c5 31. Bc3 Ba6 32. b3 Qxb3 33. Qf5+ g6 34.
Qd3 Bxc4 35. Qd2 Ra2 36. Nf2 Rxd2 37. Kg3 Qxc3 38. Ne4 Qxe3+ 39. Kg4 Qxe4+ 40.
Kg3 Bxd5 41. Kh3 h5 42. Kg3 h4+ 43. Kh3 Be6# 0-1

[Event "Challenge"]
[Site "http://www.queenalice.com/game.php?id=1193600"]
[Date "2013.6.23"]
[Round "-"]
[White "KAXY"]
[Black "alessandro92"]
[Result "1-0"]
[WhiteElo "1574"]
[BlackElo "1318"]

1. d4 Nf6 2. Nc3 e6 3. a3 Nc6 4. Bg5 h6 5. Bxf6 gxf6 6. e4 f5 7. e5 b5 8. Nxb5
a6 9. Nc3 h5 10. Be2 a5 11. Nf3 d6 12. Bb5 Bb7 13. d5 exd5 14. Nxd5 dxe5 15.
Nxe5 Qd6 16. Nf6+ Qxf6 17. Qd7# 1-0

[Event "AUTO-INT-2665"]
[Site "http://www.queenalice.com/game.php?id=1193755"]
[Date "2013.6.24"]
[Round "1"]
[White "piemme"]
[Black "alessandro92"]
[Result "1-0"]
[WhiteElo "1649"]
[BlackElo "1328"]

1. e4 g6 2. Qf3 Nh6 3. Bc4 f6 4. d3 d6 5. Qd1 e5 6. Nf3 f5 7. exf5 Nxf5 8. Ng5
Qe7 9. Nf7 Rg8 10. Nxd6+ Nxd6 11. Bxg8 e4 12. O-O h5 13. Re1 Qg7 14. Bd5 Bg4 15.
Qd2 Nd7 16. Rf1 Qd4 17. c4 O-O-O 18. h3 Bf5 19. dxe4 Bxe4 20. Qxd4 Bxb1 21. Rxb1
c5 22. Qf4 b6 23. Qg5 Be7 24. Qxg6 Ne5 25. Qxh5 Nb7 26. Qxe5 Nd6 27. Qxe7 Ne8
28. Qb7# 1-0

[Event "AUTO-INT-2665"]
[Site "http://www.queenalice.com/game.php?id=1193756"]
[Date "2013.6.24"]
[Round "1"]
[White "alessandro92"]
[Black "piemme"]
[Result "0-1"]
[WhiteElo "1321"]
[BlackElo "1656"]

1. Nc3 e5 2. d3 Bb4 3. Qd2 d5 4. a3 Bxc3 5. Qxc3 d4 6. Qc4 Nc6 7. Nf3 Be6 8. Qc5
Qe7 9. Qb5 Rb8 10. Bg5 Nf6 11. Nxe5 Bd7 12. Nxc6 Bxc6 13. Qc4 a6 14. Qxd4 O-O
15. h4 Rfd8 16. Qf4 h6 17. Bxf6 Qxf6 18. Qxc7 Qxb2 19. Rd1 Qxc2 20. Rh3 Qc3+ 21.
Rd2 Qa1+ 22. Rd1 Qxa3 23. Rf3 Bxf3 24. exf3 Re8+ 25. Be2 Qb4+ 26. Kf1 Qxh4 27.
Ke1 Qh1+ 28. Kd2 Qxg2 29. Rf1 Qg5+ 30. f4 Qe7 31. Qc3 Qxe2+ 32. Kc1 Rbc8 33.
Qxc8 Rxc8+ 34. Kb1 Qxf1+ 35. Kb2 Qc1+ 36. Kb3 Qb1+ 37. Ka4 Qb5+ 38. Ka3 Rc3+ 39.
Ka2 Qb3+ 40. Ka1 Rc1# 0-1

[Event "AUTO-INT-2665"]
[Site "http://www.queenalice.com/game.php?id=1193783"]
[Date "2013.6.24"]
[Round "1"]
[White "alessandro92"]
[Black "pride"]
[Result "0-1"]
[WhiteElo "1316"]
[BlackElo "1650"]

1. Nc3 e5 2. Nf3 Qf6 3. e4 h5 4. d4 d6 5. Bg5 Qe6 6. Nd5 f6 7. Nxc7+ Ke7 8. Nxe6
Bxe6 9. d5 Bg4 10. Bd2 h4 11. h3 Bh5 12. g4 Bg6 13. g5 Kd8 14. gxf6 Nxf6 15.
Nxh4 Bh5 16. f3 Nbd7 17. Ng6 Bxg6 18. c4 Bh5 19. Be2 Nc5 20. Ba5+ b6 21. Bb4 Rc8
22. Bxc5 Rxc5 23. Qa4 a5 24. b4 b5 25. Qxa5+ Rc7 26. c5 Be8 27. cxd6 Bxd6 28.
Qa6 Nh5 29. Qxd6+ Rd7 30. Qb6+ Ke7 31. Bxb5 Rh6 32. Qc5+ Rhd6 33. Qc8 Rd8 34.
Qb7+ Kf8 35. Bd3 Nf4 36. Bc2 Ng2+ 37. Kf2 R8d7 38. Qb5 Nf4 39. h4 Rc7 40. Qb8
Rxc2+ 41. Kg3 Rg2# 0-1

[Event "AUTO-INT-2665"]
[Site "http://www.queenalice.com/game.php?id=1193784"]
[Date "2013.6.24"]
[Round "1"]
[White "pride"]
[Black "alessandro92"]
[Result "1-0"]
[WhiteElo "1662"]
[BlackElo "1318"]

1. e4 e5 2. Qf3 f6 3. d4 exd4 4. h4 Qe7 5. Nd2 Nc6 6. Nh3 g5 7. hxg5 Ne5 8. Qh5+
Nf7 9. g6 hxg6 10. Qxg6 Bh6 11. Bc4 d6 12. Nf3 Bd7 13. e5 O-O-O 14. Bxf7 Bxc1
15. Rxc1 Rh6 16. Qg7 dxe5 17. Kd2 e4 18. Nf4 e3+ 19. Kd3 f5 20. Ng6 Qe4+ 21. Ke2
Bb5+ 22. c4 Rxh1 23. Rxh1 Bxc4+ 24. Bxc4 d3+ 25. Kd1 e2+ 26. Kd2 Qxc4 27. Rc1
Qb4+ 28. Ke3 d2 29. Qxc7# 1-0

[Event "Challenge"]
[Site "http://www.queenalice.com/game.php?id=1193862"]
[Date "2013.6.24"]
[Round "-"]
[White "kpablanca197"]
[Black "alessandro92"]
[Result "1-0"]
[WhiteElo "1762"]
[BlackElo "1345"]

1. e4 g6 2. d4 Nc6 3. c4 Bg7 4. Nf3 d6 5. Be2 Nf6 6. Nc3 e5 7. d5 Nd4 8. Bg5 h6
9. Be3 Nxf3+ 10. Bxf3 O-O 11. O-O c6 12. Qd2 cxd5 13. exd5 g5 14. Ne4 g4 15.
Nxf6+ Bxf6 16. Be4 Qc7 17. Rac1 a5 18. Bxh6 Re8 19. Bg5 Bg7 20. Bh6 f5 21. Bxg7
Qxg7 22. Bc2 e4 23. Qf4 Ra6 24. Ba4 Rf8 25. Bb5 Rb6 26. a4 Qxb2 27. Qe3 Qa2 28.
Qxb6 f4 29. Qxd6 Rf5 30. Bd7 Bxd7 31. Qxd7 f3 32. Qxf5 Qxa4 33. Rb1 fxg2 34.
Qxg4+ Kf7 35. Rxb7+ Kf6 36. Qg7+ Kf5 37. Rf7# 1-0

[Event "AUTO-OPEN-3019"]
[Site "http://www.queenalice.com/game.php?id=1193978"]
[Date "2013.6.25"]
[Round "1"]
[White "valdenicio"]
[Black "alessandro92"]
[Result "1-0"]
[WhiteElo "1624"]
[BlackElo "1325"]

1. d4 e6 2. Nf3 Nf6 3. Bg5 h6 4. Bh4 g5 5. Bg3 Ne4 6. e3 d6 7. Bd3 Nf6 8. Nbd2
e5 9. dxe5 dxe5 10. Bxe5 Bg7 11. Ne4 Nd5 12. Bxg7 Rg8 13. Bxh6 f6 14. Nd4 c6 15.
Qh5+ Ke7 16. O-O-O Nd7 17. Nf5+ Ke6 18. Ned6 Ne5 19. f4 gxf4 20. exf4 Ne7 21.
fxe5 Nxf5 22. Qxf5+ Kd5 23. Bc4+ Kc5 24. Be3+ Kb4 25. a3+ Ka4 26. Bb3+ Ka5 27.
e6+ b5 28. Nc4+ Ka6 29. Rxd8 Rxd8 30. a4 Kb7 31. axb5 c5 32. Qxc5 Bxe6 33. Qc6+
Kb8 34. Bf4+ Rd6 35. Bxd6# 1-0

[Event "AUTO-OPEN-3019"]
[Site "http://www.queenalice.com/game.php?id=1193979"]
[Date "2013.6.25"]
[Round "1"]
[White "alessandro92"]
[Black "valdenicio"]
[Result "0-1"]
[WhiteElo "1345"]
[BlackElo "1293"]

1. Nc3 e5 2. Nf3 Nc6 3. e3 Nf6 4. d4 exd4 5. exd4 d5 6. Ne5 Bd6 7. Nxc6 bxc6 8.
a3 O-O 9. f3 Re8+ 10. Be2 Ba6 11. O-O Bxe2 12. Nxe2 c5 13. dxc5 Bxc5+ 14. Nd4
Qd7 15. Be3 Rxe3 16. Nf5 Rd3+ 17. Kh1 Rxd1 18. Raxd1 Qxf5 19. g4 Nxg4 20. fxg4
Qe4+ 21. Rf3 Qxf3# 0-1

[Event "AUTO-OPEN-3019"]
[Site "http://www.queenalice.com/game.php?id=1194002"]
[Date "2013.6.25"]
[Round "1"]
[White "alessandro92"]
[Black "massimo"]
[Result "0-1"]
[WhiteElo "1345"]
[BlackElo "1811"]

1. Nf3 d6 2. c3 Bg4 3. Nd4 e5 4. Nc2 Nf6 5. f3 Be6 6. Ne3 Nc6 7. d4 exd4 8. cxd4
d5 9. g4 Qd7 10. Nc3 Bb4 11. a3 Nxd4 12. axb4 O-O 13. f4 Nxg4 14. f5 Bxf5 15.
Qxd4 c6 16. Nxf5 Qxf5 17. Bh3 h5 18. b5 Rae8 19. Bxg4 hxg4 20. Rg1 Re6 21. bxc6
bxc6 22. Qxa7 Rfe8 23. Ra6 Qc2 24. Rf1 Rxe2+ 25. Nxe2 Qxe2# 0-1

[Event "AUTO-OPEN-3019"]
[Site "http://www.queenalice.com/game.php?id=1194003"]
[Date "2013.6.25"]
[Round "1"]
[White "massimo"]
[Black "alessandro92"]
[Result "1-0"]
[WhiteElo "1809"]
[BlackElo "1345"]

1. e4 d6 2. d4 e5 3. d5 Nf6 4. Nc3 Bg4 5. Nf3 Bxf3 6. Qxf3 Na6 7. Bb5+ c6 8.
dxc6 Nc5 9. c7+ Qd7 10. Bxd7+ Ncxd7 11. Nb5 a6 12. Qa3 Nxe4 13. f3 Nec5 14. O-O
axb5 15. Qxa8+ Ke7 16. c8=Q Nf6 17. Bg5 g6 18. Qe8# 1-0

[Event "AUTO-OPEN-3019"]
[Site "http://www.queenalice.com/game.php?id=1194005"]
[Date "2013.6.25"]
[Round "1"]
[White "xisteinitzz"]
[Black "alessandro92"]
[Result "1-0"]
[WhiteElo "1630"]
[BlackElo "1322"]

1. d4 e6 2. c4 Nf6 3. Nf3 d5 4. Nc3 dxc4 5. e4 Nc6 6. Bxc4 b6 7. Bb5 Bb7 8. Qa4
Bb4 9. Bxc6+ Bxc6 10. Qxc6+ Nd7 11. Ne5 O-O 12. Nxd7 g5 13. Nxf8 Bxf8 14. Bxg5
Qc8 15. Bf6 a5 16. Qb5 Bh6 17. h4 a4 18. Qh5 c5 19. Qxh6 Qf8 20. Qg5+ Qg7 21.
Qxg7# 1-0